Underground to canada

Bibliographic Details
Main Author: Smucker,Barbara
Format: Book
Published: London : Heinemann educational books , 1988

MARC

LEADER 00000cam a2200000 7i4500
001 0000072991
005 20170522.0
008 170522
020 |a 0435123025 
090 0 0 |a JF   |b ENG 
100 1 |a Smucker,Barbara 
245 1 0 |a Underground to canada   |c Barbara Smucker 
260 |a London :   |b Heinemann educational books ,   |c 1988 
999 |a 0000115356   |b Book   |c Children Collection   |e Cawangan Pontian